=LDR 00000nam 2200000 4500 =001 INLIS000000000033895 =005 20130612135826 =008 ***********************************ind** =035 ##$$0010-061300000033895 =041 ##$$a ind =082 ##$$a 398.059.823 =090 ##$$a 398.059 823, Ant m =100 ##$$a Antari, Dwi =245 ##$$a Misteri wanita pilihan, Dwi antari =260 ##$$a 2008 $b Jakarta =300 ##$$a vi,84 hlm, Ilus, 21 cm =650 ##$$a Cerita Rakyat-Jawa Barat =850 ##$$a NBPNMAT